000 00695nam a2200193Ia 4500
003 GCL
008 140319s9999 xx 000 0 ara d
040 _aGCL /
_cGCL
082 0 4 _a822.008
_bش ر
100 1 _aشكسبير، ويليام
245 1 0 _aريشار الثالث : مأساة من خمسة فصول /
_cشكسبير، ويليام
260 _aبيروت :
_bمنشورات دار مكتبة الحياه ،
_c1985
300 _a221ص ؛
_c19سم
490 _aوليم شكسبير
_v0
650 0 4 _aالمسرحيات الانجليزية
650 0 4 _aالادب الانجليزى المترجم
650 0 4 _aالادب العالمى المترجم
942 _2ddc
_cBK
999 _c39930
_d39930